[Event "Munich-ch MK op"]
[Site "Munich"]
[Date "2013.01.12"]
[Round "2"]
[White "Eberspaecher, Matthias"]
[Black "Kuebler, Uwe"]
[Result "1-0"]
[WhiteElo "1993"]
[BlackElo "1939"]
[PlyCount "105"]
[EventDate "2013.01.11"]
[EventType "swiss"]
[EventRounds "7"]
[EventCountry "GER"]
[SourceTitle "EXT 2015"]
[Source "ChessBase"]
[SourceDate "2014.11.20"]
[SourceVersion "1"]
[SourceVersionDate "2014.11.20"]
[SourceQuality "1"]

1. Nf3 Nf6 2. c4 c5 3. Nc3 Nc6 4. g3 d6 5. d4 cxd4 6. Nxd4 g6 7. Bg2 Bd7 8. 0-0 Bg7 9. b3 0-0 10. Bb2 Qc8 11. Re1 Bh3 12. Bh1 Re8 13. Rc1 Rb8 14. Nd5 Qd7 15. Nxc6 bxc6 16. Nxf6+ Bxf6 17. Bxf6 exf6 18. Qd4 Kg7 19. Rcd1 Rbd8 20. e4 c5 21. Qc3 h5 22. Rd3 Qe6 23. Red1 Re7 24. f3 Red7 25. Bg2 Bxg2 26. Kxg2 Qe5 27. Qd2 Qe6 28. Rd5 Kh7 29. h4 Kg7 30. a3 Kf8 31. b4 cxb4 32. axb4 Ke7 33. b5 Ke8 34. Qb4 Qe7 35. Ra1 Kf8 36. Ra6 Ke8 37. Rd2 Qe5 38. Qa4 Qc5 39. Rc6 Qe3 40. Ra2 g5 41. Qa3 Qxa3 42. Rxa3 Rb7 43. Kf2 Ke7 44. Ke3 Rdd7 45. Kd4 Ke6 46. Raa6 Ke7 47. Kd5 Rbc7 48. f4 gxh4 49. gxh4 f5 50. e5 dxe5+ 51. Kxe5 Rxc6 52. Rxc6 f6+ 53. Kxf5 1-0

[Event "Munich-ch MK op"]
[Site "Munich"]
[Date "2013.01.11"]
[Round "1"]
[White "Kuebler, Uwe"]
[Black "Josch, Sylvio"]
[Result "0-1"]
[WhiteElo "1939"]
[BlackElo "2107"]
[PlyCount "94"]
[EventDate "2013.01.11"]
[EventType "swiss"]
[EventRounds "7"]
[EventCountry "GER"]
[SourceTitle "EXT 2015"]
[Source "ChessBase"]
[SourceDate "2014.11.20"]
[SourceVersion "1"]
[SourceVersionDate "2014.11.20"]
[SourceQuality "1"]

1. d4 d5 2. Nf3 Nf6 3. e3 e6 4. Bd3 c5 5. c4 Nc6 6. 0-0 cxd4 7. exd4 Nb4 8. c5 Nxd3 9. Qxd3 Be7 10. Nc3 0-0 11. h3 b6 12. Be3 a5 13. Rfc1 Ba6 14. Qd2 Rc8 15. cxb6 Bb4 16. Bg5 Qxb6 17. Bxf6 gxf6 18. Qf4 Bxc3 19. Qxf6 Bxd4 20. Nxd4 Bd3 21. Nf3 Bg6 22. b3 Rc7 23. Rc3 Rfc8 24. Rac1 Rxc3 25. Rxc3 Rxc3 26. Qxc3 Qb4 27. Qb2 a4 28. Ne5 a3 29. Qa1 Qd2 30. Nd7 Qb2 31. Qe1 Qb1 32. Qxb1 Bxb1 33. b4 Bxa2 34. b5 Bc4 35. b6 a2 36. b7 a1Q+ 37. Kh2 Qb2 38. b8Q+ Qxb8+ 39. Nxb8 Bb5 40. Kg3 Kf8 41. Kf4 Ke7 42. Ke5 f6+ 43. Kd4 Kd6 44. f4 e5+ 45. fxe5+ fxe5+ 46. Kc3 Kc7 47. Kb4 Bc4 0-1

[Event "Regionalliga SW 0607"]
[Site "Bayern"]
[Date "2007.02.25"]
[Round "6.5"]
[White "Rajic, Ivica"]
[Black "Kuebler, Uwe"]
[Result "1-0"]
[WhiteElo "2062"]
[BlackElo "1989"]
[PlyCount "59"]
[EventDate "2006.10.15"]
[EventType "team-tourn"]
[EventRounds "9"]
[EventCountry "GER"]
[SourceTitle "EXT 2008"]
[Source "ChessBase"]
[SourceDate "2007.11.25"]
[SourceVersion "1"]
[SourceVersionDate "2007.11.25"]
[SourceQuality "1"]
[WhiteTeam "Bayern Muenchen III"]
[BlackTeam "Muenchen Tarrasch II"]
[WhiteTeamCountry "GER"]
[BlackTeamCountry "GER"]

1. d4 Nf6 2. Nf3 e6 3. Bg5 d5 4. Nbd2 h6 5. Bh4 Nbd7 6. e3 Be7 7. Bd3 c5 8. c3 Bd6 9. b3 Qc7 10. c4 e5 11. cxd5 exd4 12. exd4 0-0 13. 0-0 Nxd5 14. Rc1 b6 15. Ne4 Bf4 16. Bg3 f5 17. Bc4 Bb7 18. Nc3 N7f6 19. dxc5 Rad8 20. cxb6 Qxc4 21. bxc4 Nxc3 22. Qe1 Bxc1 23. Qxc3 Bxf3 24. Qxc1 Bc6 25. c5 Rfe8 26. f3 Nd5 27. Re1 Rxe1+ 28. Qxe1 Re8 29. Qxe8+ Bxe8 30. b7 1-0

[Event "Oberliga Bayern 0405"]
[Site "Bayern"]
[Date "2005.03.13"]
[Round "8.8"]
[White "Kuebler, Uwe"]
[Black "Maurer, Heinrich"]
[Result "1/2-1/2"]
[WhiteElo "1996"]
[BlackElo "1780"]
[PlyCount "84"]
[EventDate "2004.10.24"]
[EventType "team-tourn"]
[EventRounds "9"]
[EventCountry "GER"]
[SourceTitle "EXT 2020"]
[Source "ChessBase"]
[SourceDate "2019.10.17"]
[SourceVersion "1"]
[SourceVersionDate "2019.10.17"]
[SourceQuality "1"]
[WhiteTeam "Muenchen Tarrasch"]
[BlackTeam "Kelheim SC"]
[WhiteTeamCountry "GER"]
[BlackTeamCountry "GER"]

1. Nf3 Nf6 2. c4 g6 3. Nc3 Bg7 4. e4 d6 5. d4 0-0 6. Be2 c6 7. 0-0 Qc7 8. Bg5 h6 9. Bxf6 Bxf6 10. Qd2 Bg7 11. Rad1 e5 12. dxe5 dxe5 13. Qd6 Qxd6 14. Rxd6 Nd7 15. Rfd1 Nc5 16. b4 Ne6 17. b5 c5 18. a4 Nd4 19. Nxd4 exd4 20. Nd5 Be6 21. f4 Rfd8 22. Rxd8+ Rxd8 23. g4 g5 24. fxg5 Bxd5 25. exd5 hxg5 26. Bf3 Be5 27. Be4 Rd6 28. Kg2 b6 29. Rd3 Rh6 30. h3 Rd6 31. Ra3 Kg7 32. a5 Kf6 33. axb6 axb6 34. Ra7 Bf4 35. Kf3 Bh2 36. Rb7 Ke5 37. Rxf7 Rf6+ 38. Rxf6 Kxf6 39. Bd3 Ke5 40. Bf5 Kf6 41. Ke4 Bd6 42. Be6 Kg6 1/2-1/2

[Event "Munich-ch"]
[Site "Munich"]
[Date "2005.02.18"]
[Round "4"]
[White "Daurer, Walter"]
[Black "Kuebler, Uwe"]
[Result "1-0"]
[WhiteElo "2302"]
[BlackElo "2159"]
[PlyCount "55"]
[EventDate "2005.01.21"]
[EventType "tourn"]
[EventRounds "11"]
[EventCountry "GER"]
[SourceTitle "EXT 2007"]
[Source "ChessBase"]
[SourceDate "2006.11.23"]
[SourceVersion "1"]
[SourceVersionDate "2006.11.23"]
[SourceQuality "1"]

1. e4 d5 2. exd5 Qxd5 3. Nc3 Qe6+ 4. Be2 Qg6 5. Bf3 c6 6. d4 Bf5 7. Nge2 Bxc2 8. Qd2 Bf5 9. d5 e5 10. dxe6 Qxe6 11. 0-0 Qd7 12. Qg5 h6 13. Qg3 Na6 14. Rd1 Qc8 15. Nd4 Ne7 16. Bf4 Nc5 17. Ndb5 cxb5 18. Nxb5 Nc6 19. Nc7+ Ke7 20. Bxc6 bxc6 21. Nxa8 Qxa8 22. Bd6+ Ke8 23. Qe5+ Ne6 24. Qxf5 Bxd6 25. Rxd6 Ke7 26. Rad1 Rf8 27. Rd7+ Ke8 28. Qe5 1-0

[Event "Munich-ch"]
[Site "Munich"]
[Date "2005.01.22"]
[Round "2"]
[White "Unzicker, Ferdinand"]
[Black "Kuebler, Uwe"]
[Result "1/2-1/2"]
[WhiteElo "2302"]
[BlackElo "2159"]
[PlyCount "169"]
[EventDate "2005.01.21"]
[EventType "tourn"]
[EventRounds "11"]
[EventCountry "GER"]
[SourceTitle "EXT 2007"]
[Source "ChessBase"]
[SourceDate "2006.11.23"]
[SourceVersion "1"]
[SourceVersionDate "2006.11.23"]
[SourceQuality "1"]

1. c4 Nf6 2. Nc3 e5 3. g3 Nc6 4. Bg2 d6 5. d3 Be7 6. e3 0-0 7. Nge2 Bf5 8. 0-0 Qd7 9. Nd5 Bh3 10. Nxe7+ Nxe7 11. e4 Nc6 12. b3 Ne8 13. d4 Bxg2 14. Kxg2 exd4 15. Nxd4 Nf6 16. f3 Nxd4 17. Qxd4 Qe6 18. Bb2 Rfe8 19. Rad1 b6 20. Qc3 Rad8 21. Rd5 h6 22. Rfd1 Re7 23. R5d2 Rdd7 24. Qe3 Nh7 25. Qd4 f6 26. Qd5 Nf8 27. Qa8 a5 28. Qd5 Kh7 29. Bd4 Kg6 30. Bf2 Kf7 31. a3 Qxd5 32. cxd5 Rd8 33. Rc2 Rdd7 34. g4 Ng6 35. Kg3 Re5 36. Rdc1 Ree7 37. Rc3 Ne5 38. Bd4 Ng6 39. Kf2 Nf4 40. Be3 Ng6 41. Ke2 Ne5 42. Bf2 Kg6 43. Bg3 Nf7 44. h3 h5 45. Kf2 Ng5 46. Kg2 Nf7 47. Bf4 h4 48. Bd2 Nh8 49. Rc4 Kh7 50. b4 axb4 51. Bxb4 Ng6 52. Bd2 Ne5 53. R4c3 Nf7 54. a4 g6 55. Be1 g5 56. Rb3 Ne5 57. a5 bxa5 58. Bxa5 Ng6 59. Rc2 Kg7 60. Rbc3 Kf7 61. Rxc7 Rxc7 62. Rxc7 Rxc7 63. Bxc7 Ke7 64. Bb6 Nf4+ 65. Kh2 Kd7 66. Bd4 Ke7 67. Bc3 Kf7 68. Bd2 Nd3 69. Kg2 Ne5 70. f4 Nc4 71. Bc1 Kg6 72. Kf3 gxf4 73. Bxf4 Ne5+ 74. Ke2 Nf7 75. Kd3 Ng5 76. Bxd6 Nxh3 77. Ke3 Ng5 78. Bf4 h3 79. d6 Ne6 80. d7 Kf7 81. Kf3 Ke7 82. Be3 Kxd7 83. Kg3 Kd6 84. Kxh3 Ke5 85. Kg3 1/2-1/2

[Event "Passau op 8th"]
[Site "Passau"]
[Date "2000.04.23"]
[Round "5"]
[White "Kuebler, Uwe"]
[Black "Grimm, Sven"]
[Result "1/2-1/2"]
[WhiteElo "1906"]
[BlackElo "2180"]
[PlyCount "60"]
[EventDate "2000.04.21"]
[EventType "swiss"]
[EventRounds "7"]
[EventCountry "GER"]
[SourceTitle "CBM 076 Extra"]
[Source "ChessBase"]
[SourceDate "2000.07.11"]
[SourceVersion "1"]
[SourceVersionDate "2000.07.11"]
[SourceQuality "1"]

1. d4 Nf6 2. Bg5 c5 3. Bxf6 gxf6 4. dxc5 Na6 5. Nf3 Nxc5 6. Nc3 Bg7 7. e3 f5 8. Nd4 d6 9. Bb5+ Bd7 10. Bxd7+ Qxd7 11. 0-0 Ne4 12. Nxe4 fxe4 13. Qh5 e6 14. Rfd1 Rc8 15. Rac1 Rc5 16. Qe2 a6 17. c4 0-0 18. b4 Rc7 19. Nb3 Rfc8 20. c5 d5 21. Qd2 Be5 22. g3 f5 23. Rc2 h5 24. h4 Qg7 25. Kg2 Kf7 26. Nd4 Rg8 27. Ne2 Qg4 28. Rh1 Kf6 29. Kf1 Rcg7 30. Ke1 Qf3 1/2-1/2

[Event "Passau op 8th"]
[Site "Passau"]
[Date "2000.04.22"]
[Round "3"]
[White "Kuebler, Uwe"]
[Black "Heika, Martin"]
[Result "0-1"]
[WhiteElo "1906"]
[BlackElo "2310"]
[PlyCount "65"]
[EventDate "2000.04.21"]
[EventType "swiss"]
[EventRounds "7"]
[EventCountry "GER"]
[SourceTitle "CBM 076 Extra"]
[Source "ChessBase"]
[SourceDate "2000.07.11"]
[SourceVersion "1"]
[SourceVersionDate "2000.07.11"]
[SourceQuality "1"]

1. d4 Nf6 2. Bg5 b6 3. Bxf6 gxf6 4. e3 Bb7 5. Nf3 e6 6. Be2 Nc6 7. Nbd2 d5 8. c3 f5 9. h4 Bd6 10. g3 Qd7 11. Qc2 0-0-0 12. a4 f6 13. b4 e5 14. b5 Ne7 15. a5 f4 16. gxf4 exf4 17. exf4 Bxf4 18. axb6 axb6 19. Bd3 Qg4 20. Be2 Rde8 21. 0-0-0 Qd7 22. Bd3 Kb8 23. Kb2 Nc8 24. Ra1 Nd6 25. Qa4 Ne4 26. Nb3 Nxf2 27. Bc2 Nxh1 28. Nc5 bxc5 29. dxc5 c6 30. b6 Qe7 31. Nd4 Ng3 32. Qa7+ Kc8 33. Nf5 0-1

[Event "Passau op 8th"]
[Site "Passau"]
[Date "2000.04.22"]
[Round "4"]
[White "Lorenz, Mark"]
[Black "Kuebler, Uwe"]
[Result "1-0"]
[WhiteElo "2133"]
[BlackElo "1906"]
[PlyCount "45"]
[EventDate "2000.04.21"]
[EventType "swiss"]
[EventRounds "7"]
[EventCountry "GER"]
[SourceTitle "CBM 076 Extra"]
[Source "ChessBase"]
[SourceDate "2000.07.11"]
[SourceVersion "1"]
[SourceVersionDate "2000.07.11"]
[SourceQuality "1"]

1. g3 d5 2. Nf3 Nf6 3. Bg2 c5 4. 0-0 Nc6 5. d4 cxd4 6. Nxd4 e5 7. Nxc6 bxc6 8. c4 h6 9. Nc3 Be6 10. Qa4 Qd7 11. cxd5 cxd5 12. Qxd7+ Kxd7 13. Rd1 Kc6 14. Be3 Bb4 15. Rac1 Bxc3 16. Rxc3+ Kd7 17. f4 e4 18. Bd4 Rhc8 19. f5 Bxf5 20. Bxf6 gxf6 21. Rxd5+ Ke6 22. Rxc8 Rxc8 23. Rxf5 1-0

[Event "Passau op 8th"]
[Site "Passau"]
[Date "2000.04.21"]
[Round "2"]
[White "Becker, Robert"]
[Black "Kuebler, Uwe"]
[Result "0-1"]
[WhiteElo "2159"]
[BlackElo "1906"]
[PlyCount "72"]
[EventDate "2000.04.21"]
[EventType "swiss"]
[EventRounds "7"]
[EventCountry "GER"]
[SourceTitle "CBM 076 Extra"]
[Source "ChessBase"]
[SourceDate "2000.07.11"]
[SourceVersion "1"]
[SourceVersionDate "2000.07.11"]
[SourceQuality "1"]

1. d4 d5 2. g3 Nf6 3. Bg2 c6 4. Nd2 Bf5 5. Nh3 Nbd7 6. f4 Ng4 7. Nf3 f6 8. Nh4 e6 9. Nxf5 exf5 10. 0-0 Nb6 11. c3 Qd7 12. Nf2 Nxf2 13. Rxf2 Bd6 14. a4 a5 15. b3 0-0 16. Qd3 Rad8 17. Bb2 Qe6 18. Re1 Rfe8 19. e3 g6 20. Rc2 Kg7 21. h4 h5 22. Bf3 Re7 23. Ree2 Rc7 24. c4 dxc4 25. bxc4 Nxa4 26. Ba1 Bb4 27. e4 fxe4 28. Rxe4 Qd7 29. Rce2 Nc3 30. Re7+ Qxe7 31. Rxe7+ Rxe7 32. Qc2 Re1+ 33. Kg2 Rxa1 34. f5 Rxd4 35. Qf2 Rd2 36. Be2 Raa2 0-1